000 00831nam a2200289Ia 4500
005 20260324125001.0
008 008 260324s9999 xx 000 0 eng d
020 _a9780080951645
037 _aEBOOK
040 _aCRL
040 _beng
040 _cCRL
041 _2eng
041 _aeng
084 _qCRL
100 _aBryan O'Neil Hughes; Leslie Alsheimer
_91176250
245 0 _aBlack and White in Photoshop CS4 and Photoshop Lightroom
245 2 _bA complete integrated workflow solution for creating stunning monochromatic images in Photoshop CS4, Photoshop Lightroom, and beyond
260 _bTaylor and Francis
260 _c2009
365 _a
365 _b300
856 _uhttp://www.taylorfrancis.com/books/9780080951645
942 _cEBOOK
999 _c1771117
_d1771117